[Event "AUT-ch U16"]
[Site "St Veit"]
[Date "2023.04.06"]
[Round "7"]
[White "Pavlov, Alexander1111"]
[Black "Standhartinger, Joachim"]
[Result "1/2-1/2"]
[WhiteElo "1708"]
[BlackElo "1924"]
[PlyCount "102"]
[EventDate "2023.04.02"]
[EventType "swiss"]
[EventRounds "7"]
[EventCountry "AUT"]
[SourceTitle "EXT 2024"]
[Source "ChessBase"]
[SourceDate "2023.10.10"]
[SourceVersion "1"]
[SourceVersionDate "2023.10.10"]
[SourceQuality "1"]

1. e4 e5 2. Nf3 Nc6 3. Bc4 Bc5 4. c3 Nf6 5. d4 exd4 6. cxd4 Bb4+ 7. Bd2 Nxe4 8. Bxb4 Nxb4 9. Bxf7+ Kxf7 10. Qb3+ Kf8 11. Qxb4+ Qe7 12. Qxe7+ Kxe7 13. 0-0 Kd8 14. Re1 Nf6 15. Nc3 d6 16. h3 Bf5 17. d5 Re8 18. Nd4 Bd7 19. Ne6+ Bxe6 20. dxe6 c6 21. Re3 Kc7 22. Rc1 a6 23. Rce1 d5 24. Rg3 Re7 25. Kf1 Rae8 26. Ne2 Rxe6 27. Rxg7+ Nd7 28. Rg3 c5 29. Rd3 d4 30. Rdd1 b5 31. b4 Kd6 32. g4 Nb6 33. bxc5+ Kxc5 34. Nf4 Rxe1+ 35. Rxe1 Rxe1+ 36. Kxe1 Kb4 37. g5 Ka3 38. h4 Nd7 39. h5 Kxa2 40. g6 hxg6 41. hxg6 Nf6 42. g7 Kb3 43. Nh5 Ng8 44. Kd2 Kc4 45. f4 Kd5 46. f5 Ke5 47. f6 Ke6 48. Kd3 Kf7 49. Kxd4 Nxf6 50. Nxf6 Kxg7 51. Nd5 a5 1/2-1/2

[Event "AUT-ch U14"]
[Site "St Veit"]
[Date "2022.04.14"]
[Round "7"]
[White "Pavlov, Alexander1111"]
[Black "Standhartinger, Joachim"]
[Result "1-0"]
[WhiteElo "1592"]
[BlackElo "1755"]
[PlyCount "55"]
[EventDate "2022.04.10"]
[EventType "swiss"]
[EventRounds "7"]
[EventCountry "AUT"]
[SourceTitle "EXT 2023"]
[Source "ChessBase"]
[SourceDate "2022.10.05"]
[SourceVersion "1"]
[SourceVersionDate "2022.10.05"]
[SourceQuality "1"]

1. e4 e5 2. Nf3 Nc6 3. Bc4 Bc5 4. c3 Nf6 5. d4 exd4 6. cxd4 Bb4+ 7. Bd2 Bxd2+ 8. Nbxd2 d5 9. exd5 Nxd5 10. Qb3 Nce7 11. 0-0 0-0 12. Rfe1 c6 13. Ne4 Qc7 14. Rac1 Qb6 15. Qa3 Bf5 16. Nc5 Rad8 17. Re5 a6 18. Bxd5 Nxd5 19. Rxf5 Rfe8 20. Re5 Nf4 21. Rce1 Rxe5 22. Nxe5 Rxd4 23. Ned3 h6 24. Nxf4 Rxf4 25. Re8+ Kh7 26. Qd3+ g6 27. Qc3 Qb5 28. Rh8# 1-0

[Event "AUT-ch U14"]
[Site "St Veit"]
[Date "2022.04.13"]
[Round "6"]
[White "Standhartinger, Joachim"]
[Black "Leitgeb, Julian"]
[Result "1/2-1/2"]
[WhiteElo "1755"]
[BlackElo "1981"]
[PlyCount "47"]
[EventDate "2022.04.10"]
[EventType "swiss"]
[EventRounds "7"]
[EventCountry "AUT"]
[SourceTitle "EXT 2023"]
[Source "ChessBase"]
[SourceDate "2022.10.05"]
[SourceVersion "1"]
[SourceVersionDate "2022.10.05"]
[SourceQuality "1"]

1. e4 c5 2. Nf3 e6 3. d4 cxd4 4. Nxd4 Nc6 5. Nc3 Nf6 6. a3 d6 7. Be3 Be7 8. f4 a6 9. Be2 Bd7 10. 0-0 0-0 11. Qe1 Qc7 12. Kh1 Nxd4 13. Bxd4 b5 14. Qg3 Bc6 15. Bd3 Qb7 16. Rae1 b4 17. axb4 Qxb4 18. Ne2 Qb7 19. Ng1 Rac8 20. Nf3 Nh5 21. Qg4 Nf6 22. Qg3 Nh5 23. Qg4 Nf6 24. Qg3 1/2-1/2

[Event "AUT-ch U14"]
[Site "St Veit"]
[Date "2021.10.26"]
[Round "3.4"]
[White "Standhartinger, Joachim"]
[Black "Nguyen, Le Minh Phu"]
[Result "0-1"]
[WhiteElo "1566"]
[BlackElo "2137"]
[PlyCount "52"]
[EventDate "2021.10.25"]
[EventType "swiss"]
[EventRounds "7"]
[EventCountry "AUT"]
[SourceTitle "EXT 2023"]
[Source "ChessBase"]
[SourceDate "2022.10.05"]
[SourceVersion "1"]
[SourceVersionDate "2022.10.05"]
[SourceQuality "1"]

1. e4 c5 2. Nf3 d6 3. d4 cxd4 4. Nxd4 Nf6 5. Nc3 a6 6. Be3 e5 7. Nb3 Be7 8. f3 b5 9. g4 Nbd7 10. Qd2 Bb7 11. h4 Rc8 12. h5 b4 13. Ne2 Nxg4 14. fxg4 Bxe4 15. Rh3 Rxc2 16. Qxb4 d5 17. Qb7 0-0 18. Nc3 Rxb2 19. Nxe4 dxe4 20. Qxe4 Bh4+ 21. Rxh4 Qxh4+ 22. Kd1 Nf6 23. Qxe5 Rh2 24. Be2 Nxg4 25. Bxg4 Qxg4+ 26. Kc1 Qc4+ 0-1

[Event "AUT-ch U14"]
[Site "St Veit"]
[Date "2021.10.25"]
[Round "2.12"]
[White "Gschwandtl, Alexander"]
[Black "Standhartinger, Joachim"]
[Result "0-1"]
[WhiteElo "1079"]
[BlackElo "1566"]
[PlyCount "118"]
[EventDate "2021.10.25"]
[EventType "swiss"]
[EventRounds "7"]
[EventCountry "AUT"]
[SourceTitle "EXT 2023"]
[Source "ChessBase"]
[SourceDate "2022.10.05"]
[SourceVersion "1"]
[SourceVersionDate "2022.10.05"]
[SourceQuality "1"]

1. e4 e5 2. Nf3 Nc6 3. d4 exd4 4. Bc4 Bc5 5. c3 Nf6 6. e5 d5 7. Bb5 Ne4 8. cxd4 Bb4+ 9. Bd2 Nxd2 10. Bxc6+ bxc6 11. Nbxd2 Bd7 12. 0-0 0-0 13. a3 Ba5 14. b4 Bb6 15. Nb3 Bg4 16. Rc1 f6 17. Qd3 Bxf3 18. exf6 Be4 19. Qg3 Rxf6 20. f3 Bd3 21. Rfe1 Bc4 22. Nd2 Bxd4+ 23. Kh1 Bb5 24. Nb3 Bb6 25. Ra1 Qd6 26. Re5 Bf2 27. Qg5 Bh4 28. Qe3 Rf7 29. Rh5 Bf6 30. Re1 Re7 31. Qf2 Rxe1+ 32. Qxe1 Qe7 33. Qb1 g6 34. Rh3 Re8 35. Kg1 Qe1+ 36. Qxe1 Rxe1+ 37. Kf2 Rb1 38. f4 Bc4 39. Nd2 Rb2 40. Ke1 Rc2 41. Rg3 Bh4 42. Kd1 Rxd2+ 43. Kxd2 Bxg3 44. hxg3 Kf7 45. Ke3 Ke6 46. g4 Kf6 47. Kf3 h5 48. g5+ Kf5 49. a4 Bb3 50. a5 Bc4 51. g3 d4 52. Kf2 Kg4 53. Kg2 d3 54. f5 Kxg5 55. fxg6 Kxg6 56. g4 d2 57. g5 d1Q 58. a6 Qf1+ 59. Kh2 Bd5 0-1

[Event "AUT-ch U12"]
[Site "St Veit"]
[Date "2019.06.09"]
[Round "3.7"]
[White "Gschiel, Alexander"]
[Black "Standhartinger, Joachim"]
[Result "1-0"]
[WhiteElo "1757"]
[BlackElo "1522"]
[PlyCount "85"]
[EventDate "2019.06.08"]
[EventType "swiss"]
[EventRounds "7"]
[EventCountry "AUT"]
[SourceTitle "EXT 2024"]
[Source "ChessBase"]
[SourceDate "2023.10.10"]
[SourceVersion "1"]
[SourceVersionDate "2023.10.10"]
[SourceQuality "1"]

1. Nf3 Nc6 2. d4 d5 3. g3 Nf6 4. Bg2 Bf5 5. c4 e6 6. 0-0 Bd6 7. Nc3 0-0 8. Bg5 h6 9. Bxf6 Qxf6 10. cxd5 exd5 11. Nxd5 Qd8 12. Nc3 Qf6 13. h3 Rad8 14. e4 Bg6 15. e5 Bxe5 16. dxe5 Nxe5 17. Qe2 Rfe8 18. Nxe5 Bd3 19. Qf3 Qxe5 20. Rfd1 Be2 21. Nxe2 Rxd1+ 22. Rxd1 Qxe2 23. Qxe2 Rxe2 24. Rb1 b6 25. a4 Rd2 26. b3 Rd7 27. Rc1 c5 28. Bf1 g6 29. Bb5 Re7 30. Rd1 Kg7 31. Rd7 Rxd7 32. Bxd7 Kf6 33. f4 Ke7 34. Bb5 f6 35. Kf2 Kf7 36. Ke3 f5 37. h4 Ke7 38. Kd3 Kd6 39. Be8 a6 40. Kc4 Ke6 41. Bxg6 Kf6 42. h5 Ke6 43. a5 1-0